000 01514nam a22003617a 4500
003 CHAP
005 20220817044303.0
008 090902s2008 mx a r 00010 spa d
010 _a96676
011 _a97648
035 _a108318
040 _cCHAP
082 0 4 _a633.73
_bB86
245 0 0 _aBuenas prácticas agrícolas para el cultivo del café
_c/por Instituto Nacional para el Desarrollo de Capacidades del Sector Rural, Secretaría de Agricultura, Ganadería, Desarrollo Rural, Pesca y Alimentación
260 _aMéxico, D.F. :
_bINCA Rural :
_bSAGARPA
_c2008
300 _a79 p. :
_bcuadros, diagramas, ilus.
490 0 _aSerie cafeticultura.
_pManual del técnico cafetalero
_v; 5
590 _aBATCH-UPD
_b10
_c20130110
_lUCH01
_h0854
590 _aBATCH-UPD
_b10
_c20130410
_lUCH01
_h0526
590 _aBATCH-UPD
_b10
_c20130913
_lUCH01
_h2226
590 _aCONVERSION
_b10
_c20130109
_lUCH01
_h1353
650 1 4 _aAgricultura sustentable.
650 1 4 _aCafé.
_917085
650 1 4 _aCafé
_xCalidad.
_917114
650 1 4 _aCafé
_xRendimiento.
_917196
650 1 4 _aSistemas de cultivo.
_9106746
710 0 _aMéxico. Secretaría de Agricultura, Ganadería, Desarrollo Rural, Pesca y Alimentación.
_977148
710 2 _aInstituto Nacional para el Desarrollo de Capacidades del Sector Rural. México.
_959403
830 0 _aSerie cafeticultura.
_pManual del técnico cafetalero
_v; 5
_9104639
901 _aBK
942 _cLIBRO
949 _a633.73 B86
_bBC
_cLIBRO
_d33724002130686
_eLIBRO
_h111167
_i108318
_si
999 _c96676
_d96676